000
00287nam a2200121Ia 4500
008
240624s9999 xx 000 0 und d
041
_a
eng
082
_a
332.64 WIL
100
_a
WILMOTT PAUL
245
_a
BEST OF WILMOTT 2
260
_c
2005
_a
Chichester
_b
John Wiley & Sons
365
_c
999
_c
20688
_d
20688